Contrapunto

Saved in:
Bibliographic Details
Main Author: Ossandón, Eduardo (autor)
Format: Book
Published: Santiago, Chile: Eduardo Ossandón, 1997.
Subjects:
Tags: Add Tag
No Tags, Be the first to tag this record!

MARC

LEADER 00000nam a22000007a 4500
003 CL-VaPUC
005 20220822114808.0
008 220803t1997 ||||| |||| 00| 0 eng d
999 |c 437921  |d 437919 
040 |c Pontificia Universidad Católica de Valparaíso 
082 |a 759.983 OSS 1997 
100 1 |a Ossandón, Eduardo  |e autor  |9 874719 
245 |a Contrapunto 
260 |a Santiago, Chile:  |b Eduardo Ossandón,  |c 1997. 
300 |a 93 páginas; ilustraciones 
500 |a c.1 Donación Familia Prof. Alejandro Guzmán Brito. 
583 |c 20220803  |k Catalogador Asistente 
600 |a  Ossandón, Eduardo,  |d 1929 -  |x Crítica e interpretación   |9 874970 
650 |a Pintura chilena   |y Siglo 20  |x Obras ilustradas  |9 874971 
942 |2 ddc  |c BK  |n 0 
952 |0 0  |1 0  |2 ddc  |4 0  |6 759_983000000000000_OSS_1997  |7 0  |8 C_AGB  |9 585778  |a BIBDER  |b BIBDER  |d 2022-08-03  |e Donación  |i 5653763  |o 759.983 OSS 1997  |p 5653763  |r 2023-01-25  |t 1  |w 2022-08-03  |y BK_US  |k AGB